<?xml version="1.0" encoding="UTF-8"?><marc:collection xmlns:marc="http://www.loc.gov/MARC21/slim">
  <marc:record>
    <marc:leader>00000nam##2200000za#4500</marc:leader>
    <marc:controlfield tag="001">9.608327</marc:controlfield>
    <marc:controlfield tag="003">CaOODSP</marc:controlfield>
    <marc:controlfield tag="005">20210624213554</marc:controlfield>
    <marc:controlfield tag="007">cr |||||||||||</marc:controlfield>
    <marc:controlfield tag="008">150406|2015||||xxc|||||o    f|0| 0 fre|d</marc:controlfield>
    <marc:datafield tag="022" ind1=" " ind2=" ">
      <marc:subfield code="a">1919-3815</marc:subfield>
    </marc:datafield>
    <marc:datafield tag="040" ind1=" " ind2=" ">
      <marc:subfield code="a">CaOODSP</marc:subfield>
      <marc:subfield code="b">fre</marc:subfield>
    </marc:datafield>
    <marc:datafield tag="043" ind1=" " ind2=" ">
      <marc:subfield code="a">n-cn---</marc:subfield>
    </marc:datafield>
    <marc:datafield tag="086" ind1="1" ind2=" ">
      <marc:subfield code="a">Fs70-7/2015-007F-PDF</marc:subfield>
    </marc:datafield>
    <marc:datafield tag="110" ind1="1" ind2=" ">
      <marc:subfield code="a">Canada. </marc:subfield>
      <marc:subfield code="b">Ministère des pêches et des océans.</marc:subfield>
    </marc:datafield>
    <marc:datafield tag="245" ind1="1" ind2="0">
      <marc:subfield code="a">Examen du caractère suffisant de l'information sur les effets du bruit sous-marin sur les mammifères marins et le risque potentiel de collisions avec des navires en raison du transport maritime, présentée dans la demande d'installation relative au projet d'agrandissement de Trans Mountain </marc:subfield>
      <marc:subfield code="h">[ressource électronique]</marc:subfield>
    </marc:datafield>
    <marc:datafield tag="260" ind1=" " ind2=" ">
      <marc:subfield code="a">Nanaimo - Colombie Britannique : </marc:subfield>
      <marc:subfield code="b">Pêches et Océans Canada </marc:subfield>
      <marc:subfield code="c">Février 2015.</marc:subfield>
    </marc:datafield>
    <marc:datafield tag="300" ind1=" " ind2=" ">
      <marc:subfield code="a">14p.</marc:subfield>
      <marc:subfield code="b">cartes, références</marc:subfield>
    </marc:datafield>
    <marc:datafield tag="490" ind1="1" ind2=" ">
      <marc:subfield code="a">Secrétariat canadien de consultation scientifique - réponse des sciences </marc:subfield>
      <marc:subfield code="x">1919-3815</marc:subfield>
      <marc:subfield code="v">2015/007, Région du Pacifique</marc:subfield>
    </marc:datafield>
    <marc:datafield tag="590" ind1=" " ind2=" ">
      <marc:subfield code="a">15-10</marc:subfield>
      <marc:subfield code="b">2015-03-06</marc:subfield>
    </marc:datafield>
    <marc:datafield tag="775" ind1="0" ind2="8">
      <marc:subfield code="t">Sufficiency review of the information on effects of underwater noise and the potential for ship strikes from marine shipping on marine mammals in the Facilities Application for the Trans Mountain Expansion Project </marc:subfield>
      <marc:subfield code="w">(CaOODSP)9.581550</marc:subfield>
    </marc:datafield>
    <marc:datafield tag="830" ind1="#" ind2="0">
      <marc:subfield code="a">Réponse des sciences (Secrétariat canadien de consultation scientifique)</marc:subfield>
      <marc:subfield code="x">1919-3815</marc:subfield>
      <marc:subfield code="v">2015/007, Région du Pacifique</marc:subfield>
      <marc:subfield code="w">(CaOODSP)9.502630</marc:subfield>
    </marc:datafield>
    <marc:datafield tag="856" ind1="4" ind2="0">
      <marc:subfield code="a">http://publications.gc.ca</marc:subfield>
      <marc:subfield code="q">PDF</marc:subfield>
      <marc:subfield code="s">310 Ko</marc:subfield>
      <marc:subfield code="u">https://publications.gc.ca/collections/collection_2015/mpo-dfo/Fs70-7-2015-007-fra.pdf</marc:subfield>
      <marc:subfield code="y">2015/007, Région du Pacifique</marc:subfield>
    </marc:datafield>
  </marc:record>
</marc:collection>
